| 000 | 00791nam a2200253Ia 4500 | ||
|---|---|---|---|
| 003 | OSt | ||
| 005 | 20220923222239.0 | ||
| 006 | a|||||r|||| 00| 0 | ||
| 007 | ta | ||
| 008 | Pun | ||
| 024 | _a203,969 | ||
| 037 | _cTextual | ||
| 040 |
_aARTS _cARTS _bPun |
||
| 041 |
_2Pun _aPun |
||
| 082 | _aO153,3xN7, 152N1 | ||
| 100 | _aकेसर, कीर्ति, अनु. | ||
| 245 | 0 | _aआज की पंजाबी कहानियां | |
| 246 | _aĀj kī panjābī kahāniyāan | ||
| 260 |
_aदिल्ली _b पल्लवी प्रकाशन _c1991 |
||
| 300 |
_a159पृ0 _ccm. |
||
| 650 | _aपंजाबी निबंध | ||
| 942 |
_hO153,3xN7, 152N1 _cTEXL _2CC |
||
| 999 |
_c354719 _d354719 |
||